[Event "FTX Road to Miami Prelim"]
[Site "chess24.com INT"]
[Date "2022.07.10"]
[Round "1.1"]
[White "Shankland, Sam"]
[Black "Niemann, Hans Moke"]
[Result "0-1"]
[WhiteTitle "GM"]
[BlackTitle "GM"]
[WhiteElo "2720"]
[BlackElo "2688"]
[WhiteFideId "2004887"]
[BlackFideId "2093596"]
[EventDate "2022.07.10"]

1. e4 e5 2. Nf3 Nc6 3. Bb5 a6 4. Ba4 Nf6 5. O-O Be7 6. Re1 b5 7. Bb3 O-O 8. h3
Bb7 9. d3 d6 10. a3 h6 11. Nc3 Re8 12. Bd2 Bf8 13. Nd5 Rb8 14. c4 bxc4 15. Bxc4
Nxd5 16. Bxd5 Nd4 17. Bc4 Ne6 18. b4 Qd7 19. Be3 Kh7 20. Qc2 g6 21. d4 exd4 22.
Nxd4 Bg7 23. Rad1 Bxe4 24. Qxe4 Nxd4 25. Qd3 Nb5 26. Rc1 c6 27. Bf4 Rxe1+ 28.
Rxe1 Re8 29. Rxe8 Qxe8 30. a4 d5 31. Bxb5 cxb5 32. axb5 Qe1+ 33. Kh2 Qxb4 34.
Qf3 Qxb5 35. Bg3 Kg8 36. h4 h5 37. Bf4 a5 38. g4 hxg4 39. Qxg4 Qc4 40. Kg3 a4
41. h5 Qd3+ 42. f3 Qf5 43. Qxf5 gxf5 44. Bc1 Bf8 0-1

[Event "FTX Road to Miami Prelim"]
[Site "chess24.com INT"]
[Date "2022.07.10"]
[Round "1.3"]
[White "Dominguez Perez, Leinier"]
[Black "Rapport, Richard"]
[Result "1/2-1/2"]
[WhiteTitle "GM"]
[BlackTitle "GM"]
[WhiteElo "2754"]
[BlackElo "2764"]
[WhiteFideId "3503240"]
[BlackFideId "738590"]
[EventDate "2022.07.10"]

1. e4 c5 2. Nf3 Nc6 3. d4 cxd4 4. Nxd4 Nf6 5. Nc3 d6 6. Bg5 Bd7 7. Nxc6 Bxc6 8.
Bxf6 gxf6 9. Bb5 Rg8 10. O-O Qd7 11. Qd3 Bh6 12. a4 a6 13. Bxc6 bxc6 14. a5 Kf8
15. Na4 Ra7 16. Nb6 Qg4 17. g3 Bf4 18. Ra3 h5 19. b4 Be5 20. Nc4 h4 21. Nxe5
fxe5 22. Rc3 Rc7 23. Re1 Qc8 24. Qd2 Ke8 25. Qe2 Qb7 26. Rd1 hxg3 27. hxg3 Rh8
28. Kg2 Rc8 29. Rb3 Qd7 30. Rh1 Rxh1 31. Kxh1 Qh3+ 32. Kg1 Kd7 33. Qf3 Rh8 34.
c4 Ke6 35. b5 cxb5 36. cxb5 axb5 37. Rxb5 Qh2+ 38. Kf1 Qh1+ 39. Ke2 Qxf3+ 40.
Kxf3 Rh1 41. Rb7 Ra1 42. Ra7 Kf6 43. Ra6 e6 44. Rxd6 Rxa5 45. Ke3 Ra3+ 46. Ke2
Ra5 47. Ke3 Ra3+ 48. Ke2 Ra5 49. Ke3 1/2-1/2

[Event "FTX Road to Miami Prelim"]
[Site "chess24.com INT"]
[Date "2022.07.10"]
[Round "1.4"]
[White "Duda, Jan-Krzysztof"]
[Black "Radjabov, Teimour"]
[Result "1-0"]
[WhiteTitle "GM"]
[BlackTitle "GM"]
[WhiteElo "2750"]
[BlackElo "2738"]
[WhiteFideId "1170546"]
[BlackFideId "13400924"]
[EventDate "2022.07.10"]

1. e4 e5 2. Nf3 Nc6 3. Bb5 Nf6 4. d3 d6 5. O-O Bd7 6. c3 g6 7. Re1 Bg7 8. Nbd2
O-O 9. a4 Re8 10. Nf1 h6 11. Ng3 d5 12. a5 a6 13. exd5 axb5 14. dxc6 Bxc6 15.
Nxe5 Bd5 16. d4 b6 17. a6 Qc8 18. h4 h5 19. Bg5 Nh7 20. Nd3 Rxe1+ 21. Qxe1 Nxg5
22. hxg5 Rxa6 23. Rxa6 Qxa6 24. Qe8+ Kh7 25. Nf4 Qa8 26. Qxb5 Bc6 27. Qc4 Qe8
28. Nf1 b5 29. Qd3 Qd8 30. d5 Qxg5 31. dxc6 Qxf4 32. Qxb5 h4 33. Ne3 Be5 34. Kf1
Kg7 35. Qc4 f5 36. Qxf4 Bxf4 37. Nd5 Bd6 38. b4 Kf7 39. f4 Ke6 40. c4 Bf8 41.
Nxc7+ Kd6 42. Nd5 Kxc6 43. Kg1 Kd6 44. Kh2 Bh6 45. Kh3 g5 46. b5 gxf4 47. Kxh4
Kc5 48. b6 Bf8 49. b7 Bd6 50. Kg5 Kxc4 51. Nxf4 Kc5 52. Kxf5 Kc6 53. g4 Kxb7 54.
g5 Kc6 55. g6 Bf8 56. Ne6 1-0

[Event "FTX Road to Miami Prelim"]
[Site "chess24.com INT"]
[Date "2022.07.10"]
[Round "1.5"]
[White "Mamedyarov, Shakhriyar"]
[Black "Aronian, Levon"]
[Result "1-0"]
[WhiteTitle "GM"]
[BlackTitle "GM"]
[WhiteElo "2759"]
[BlackElo "2775"]
[WhiteFideId "13401319"]
[BlackFideId "13300474"]
[EventDate "2022.07.10"]

1. d4 d5 2. c4 dxc4 3. Nf3 Nf6 4. e3 e6 5. Bxc4 a6 6. O-O c5 7. b3 b6 8. Ba3
Nbd7 9. d5 exd5 10. Bxd5 Rb8 11. e4 Be7 12. Nc3 O-O 13. Bb2 b5 14. Qc2 b4 15.
Ne2 Nxd5 16. exd5 Bf6 17. Rfd1 Re8 18. Rac1 Bxb2 19. Qxb2 Qf6 20. Qxf6 Nxf6 21.
Ng3 Rb5 22. h3 Kf8 23. d6 Nd7 24. Nd2 Re6 25. Nc4 g6 26. Nf1 Ke8 27. f3 Kd8 28.
Kf2 Bb7 29. Nfe3 Bc6 30. Re1 h5 31. h4 Rb8 32. Nf1 Bd5 33. Nfd2 Rc8 34. Rxe6
Bxe6 35. Na5 Bd5 36. Re1 Be6 37. Ne4 Ke8 38. Ng5 Nf8 39. Nc4 Rc6 40. g4 a5 41.
gxh5 gxh5 42. f4 Kd7 43. Nxf7 Ra6 44. f5 Bxf5 45. Re7+ Kc6 46. Nfe5+ Kd5 47. Rf7 1-0

[Event "FTX Road to Miami Prelim"]
[Site "chess24.com INT"]
[Date "2022.07.10"]
[Round "1.6"]
[White "Erigaisi, Arjun"]
[Black "Sevian, Samuel"]
[Result "1/2-1/2"]
[WhiteTitle "GM"]
[BlackTitle "GM"]
[WhiteElo "2689"]
[BlackElo "2684"]
[WhiteFideId "35009192"]
[BlackFideId "2040506"]
[EventDate "2022.07.10"]

1. d4 Nf6 2. c4 e6 3. Nc3 Bb4 4. f3 c5 5. d5 O-O 6. e4 d6 7. Ne2 b5 8. Ng3 Re8
9. Bf4 Qb6 10. Bg5 Nbd7 11. dxe6 fxe6 12. cxb5 d5 13. a3 Ba5 14. Bd2 c4 15. Be2
Bb7 16. b4 cxb3 17. Na4 Qd4 18. Bxa5 Qxa4 19. Bb4 dxe4 20. fxe4 Rad8 21. O-O Nc5
22. Qb1 Ncxe4 23. Qb2 Nxg3 24. hxg3 Nd5 25. Bh5 g6 26. Qe5 Qxb5 27. Kh2 Qb6 28.
Bd2 Qc7 29. Qg5 Qe7 30. Bd1 Ba6 31. Re1 Qxg5 32. Bxg5 Rb8 33. Rb1 b2 34. Ba4
Rec8 35. Bd7 Nc3 36. Bxe6+ Kg7 37. Bxc8 Bxc8 38. Bf4 Rb5 39. Rxb2 Rxb2 40. Be5+
Kf7 41. Bxc3 Rc2 42. Bb4 Rc7 43. Rf1+ Kg8 44. Rf8+ Kg7 45. Rd8 Bf5 46. Bd6 Rb7
47. Bc5 h5 48. Ra8 Be4 49. Rxa7 Rxa7 50. Bxa7 Bc6 51. Kg1 Kf6 52. Kf2 Kf5 53.
Bd4 g5 54. Bc3 Kg4 55. Bb4 h4 56. gxh4 gxh4 57. Be7 h3 58. gxh3+ Kxh3 59. Ke3
Be8 60. Kd4 Kg4 61. Kc5 Kf5 62. Kb4 Ke6 63. Bc5 Kd5 64. a4 Bxa4 65. Kxa4 1/2-1/2

[Event "FTX Road to Miami Prelim"]
[Site "chess24.com INT"]
[Date "2022.07.10"]
[Round "1.7"]
[White "Ju, Wenjun"]
[Black "Tari, Aryan"]
[Result "0-1"]
[WhiteTitle "GM"]
[BlackTitle "GM"]
[WhiteElo "2560"]
[BlackElo "2672"]
[WhiteFideId "8603006"]
[BlackFideId "1510045"]
[EventDate "2022.07.10"]

1. d4 Nf6 2. c4 e6 3. Nf3 d5 4. Nc3 h6 5. g3 Bd6 6. Bg2 O-O 7. O-O Nc6 8. b3
dxc4 9. bxc4 e5 10. e3 exd4 11. exd4 Bf5 12. Bb2 Re8 13. Nb5 Be4 14. Nxd6 cxd6
15. d5 Na5 16. Rc1 Rc8 17. Qd4 Qb6 18. Nd2 Qxd4 19. Bxd4 Bd3 20. Rfd1 Nxc4 21.
Rc3 Be2 22. Rdc1 b5 23. Nxc4 Bxc4 24. Bxa7 Ra8 25. Ra3 Re2 26. Bc5 Rae8 27. Bb4
Nxd5 28. Bxd5 Bxd5 29. Ra5 Rb2 30. a3 Bf3 31. Rxb5 d5 32. Rb6 d4 33. Rd6 Ree2
34. Rf1 Bg4 35. Bc5 Bh3 36. Bxd4 Bxf1 37. Bxb2 Bh3 38. Bc3 Rc2 39. Be1 Ra2 40.
Rd1 Rxa3 41. Rc1 h5 42. Bd2 Ra2 43. Be3 f6 44. Bd4 Kh7 45. Ra1 Rc2 46. Be3 Kg6
47. Rc1 Ra2 48. Rb1 Kf5 49. Rc1 g5 50. Rb1 Ke4 51. Rc1 h4 52. Rb1 hxg3 53. hxg3
Bg4 54. Re1 Be2 55. g4 Kf3 56. Bd4 Ra4 57. Bxf6 Rxg4+ 58. Kh2 Kxf2 59. Rxe2+
Kxe2 60. Kh3 Kf3 0-1

[Event "FTX Road to Miami Prelim"]
[Site "chess24.com INT"]
[Date "2022.07.10"]
[Round "1.8"]
[White "Giri, Anish"]
[Black "Xiong, Jeffery"]
[Result "0-1"]
[WhiteTitle "GM"]
[BlackTitle "GM"]
[WhiteElo "2760"]
[BlackElo "2691"]
[WhiteFideId "24116068"]
[BlackFideId "2047640"]
[EventDate "2022.07.10"]

1. e4 e5 2. Nf3 Nf6 3. Nxe5 d6 4. Nf3 Nxe4 5. d4 d5 6. Bd3 Be7 7. O-O Bf5 8. Re1
O-O 9. Nbd2 Nd6 10. Nf1 Bg6 11. Ne5 Bxd3 12. Nxd3 Re8 13. Ng3 Nd7 14. c3 Nf8 15.
Qb3 c6 16. Bf4 b6 17. Qa4 Nb5 18. Ne5 Qc8 19. c4 dxc4 20. Qxc4 Qe6 21. Qxe6 Nxe6
22. Nxc6 Nbxd4 23. Nxe7+ Rxe7 24. Rac1 Rd7 25. Be3 Rad8 26. Kf1 f6 27. b4 Kf7
28. a4 Rd5 29. Ne4 Nf5 30. Rc4 Nxe3+ 31. fxe3 Rd3 32. Nc3 R8d7 33. Kf2 h5 34. h4
Nf8 35. Nb5 Ng6 36. Rd4 R7xd4 37. exd4 Nxh4 38. Nxa7 Rxd4 39. Nc6 Rc4 40. Re7+
Kg6 41. Re6 Rc2+ 42. Kg3 Kg5 43. a5 bxa5 44. bxa5 Rxg2+ 45. Kh3 Ra2 46. Re3 Kf4
47. Rb3 g5 48. Rb4+ Ke3 49. Rb3+ Ke4 50. Rb4+ Kd5 51. Rb6 Kc5 52. Ne7 Ra3+ 53.
Kh2 g4 54. Rc6+ Kb5 55. Rxf6 g3+ 56. Kg1 g2 57. Rb6+ Ka4 58. Rb1 Ra2 59. Kh2
Nf3+ 0-1

[Event "FTX Road to Miami Prelim"]
[Site "chess24.com INT"]
[Date "2022.07.10"]
[Round "2.1"]
[White "Niemann, Hans Moke"]
[Black "Xiong, Jeffery"]
[Result "0-1"]
[WhiteTitle "GM"]
[BlackTitle "GM"]
[WhiteElo "2688"]
[BlackElo "2691"]
[WhiteFideId "2093596"]
[BlackFideId "2047640"]
[EventDate "2022.07.10"]

1. Nf3 Nf6 2. c4 c5 3. Nc3 d5 4. cxd5 Nxd5 5. g3 Nc6 6. Bg2 Nc7 7. O-O e5 8. d3
Be7 9. Nd2 Be6 10. Nc4 Nd5 11. Ne3 Nb6 12. b3 Qd7 13. Ba3 O-O 14. Rc1 Rfc8 15.
Nc4 Bh3 16. Bxh3 Qxh3 17. Bb2 Rd8 18. Ne4 Nxc4 19. Rxc4 f5 20. Nxc5 Rd6 21. f3
b5 22. Rc3 Nb4 23. e4 f4 24. g4 h5 25. gxh5 Qxh5 26. Qe2 Nxa2 27. Rc2 Nb4 28.
Rcc1 Rad8 29. Rfd1 Rg6+ 30. Kh1 Rg3 31. Ba3 Nc6 32. Ne6 Nd4 33. Nxd4 Bxa3 34.
Nf5 Bxc1 35. Nxg3 fxg3 36. Rxc1 Rxd3 37. b4 Rxf3 38. Rg1 Qxh2+ 39. Qxh2 gxh2 40.
Rg5 Rb3 41. Rxe5 Rxb4 42. Kxh2 a5 43. Kg3 a4 0-1

[Event "FTX Road to Miami Prelim"]
[Site "chess24.com INT"]
[Date "2022.07.10"]
[Round "2.2"]
[White "Tari, Aryan"]
[Black "Giri, Anish"]
[Result "1/2-1/2"]
[WhiteTitle "GM"]
[BlackTitle "GM"]
[WhiteElo "2672"]
[BlackElo "2760"]
[WhiteFideId "1510045"]
[BlackFideId "24116068"]
[EventDate "2022.07.10"]

1. e4 c5 2. Nf3 d6 3. d4 cxd4 4. Nxd4 Nf6 5. Nc3 a6 6. a4 e6 7. a5 Be7 8. Be2
O-O 9. O-O Qc7 10. Be3 Nbd7 11. Nb3 b5 12. axb6 Nxb6 13. Qd4 Nfd7 14. Rfd1 Bb7
15. Na5 Rfc8 16. Ra2 Nc5 17. Nxb7 Qxb7 18. Rda1 Nbd7 19. f3 h6 20. Kh1 Rc6 21.
Qd2 Rb8 22. Bf1 Bf6 23. Bd4 Qb4 24. Bxf6 Nxf6 25. Qf2 Qb6 26. Qd2 Qb4 27. Qf2
Qb6 28. Qd2 Qb4 1/2-1/2

[Event "FTX Road to Miami Prelim"]
[Site "chess24.com INT"]
[Date "2022.07.10"]
[Round "2.3"]
[White "Sevian, Samuel"]
[Black "Ju, Wenjun"]
[Result "1-0"]
[WhiteTitle "GM"]
[BlackTitle "GM"]
[WhiteElo "2684"]
[BlackElo "2560"]
[WhiteFideId "2040506"]
[BlackFideId "8603006"]
[EventDate "2022.07.10"]

1. c4 Nf6 2. Nc3 e5 3. Nf3 Nc6 4. g3 Bb4 5. Bg2 O-O 6. Nd5 e4 7. Nh4 d6 8. O-O
g5 9. d4 Nxd5 10. cxd5 gxh4 11. dxc6 bxc6 12. Qa4 c5 13. a3 Bd7 14. Qa6 h3 15.
Bh1 cxd4 16. axb4 Qe7 17. Rd1 Qe5 18. Qc4 Bg4 19. Qxd4 Bxe2 20. Qxe5 dxe5 21.
Re1 1-0

[Event "FTX Road to Miami Prelim"]
[Site "chess24.com INT"]
[Date "2022.07.10"]
[Round "2.4"]
[White "Aronian, Levon"]
[Black "Erigaisi, Arjun"]
[Result "0-1"]
[WhiteTitle "GM"]
[BlackTitle "GM"]
[WhiteElo "2775"]
[BlackElo "2689"]
[WhiteFideId "13300474"]
[BlackFideId "35009192"]
[EventDate "2022.07.10"]

1. e4 c5 2. Nf3 d6 3. Bc4 Nf6 4. d3 e6 5. O-O Be7 6. a4 O-O 7. Nbd2 Nc6 8. Re1
a6 9. c3 Bd7 10. Bb3 b5 11. Nf1 Qc7 12. Ng3 Rfc8 13. Bf4 Qb7 14. axb5 axb5 15.
Rxa8 Qxa8 16. d4 cxd4 17. cxd4 Nb4 18. h4 h6 19. h5 Bf8 20. Qd2 Nc6 21. Bc2 Qa5
22. Qd1 e5 23. Bd2 Qa2 24. d5 Nd4 25. Nxd4 exd4 26. Qb1 Qxb1 27. Bxb1 Bg4 28. f3
Bxh5 29. Nf5 Nd7 30. Rc1 Ra8 31. Nxd4 Ne5 32. Bf4 f6 33. Nxb5 Rb8 34. Bxe5 dxe5
35. Bd3 Be8 36. Nc7 Bd7 37. Ne6 Bd6 38. Rb1 Kf7 39. Bc4 g6 40. b3 Ra8 41. g4 Ra2
42. Rc1 Ke7 43. Rc3 Bb4 44. Rc1 h5 45. gxh5 gxh5 46. Kh1 h4 47. Rg1 Kd6 48. Rg7
Be1 49. Nd8 Bc8 50. Nf7+ Kc5 51. Nxe5 Kd4 52. Nc6+ Ke3 53. d6 Bh3 54. Bf1 Bxf1
55. d7 Be2 56. d8=Q Bxf3+ 57. Rg2 Rxg2 58. Qd4+ Ke2 59. Qc4+ Kf2 60. Qc5+ Kf1 0-1

[Event "FTX Road to Miami Prelim"]
[Site "chess24.com INT"]
[Date "2022.07.10"]
[Round "2.6"]
[White "Rapport, Richard"]
[Black "Duda, Jan-Krzysztof"]
[Result "1/2-1/2"]
[WhiteTitle "GM"]
[BlackTitle "GM"]
[WhiteElo "2764"]
[BlackElo "2750"]
[WhiteFideId "738590"]
[BlackFideId "1170546"]
[EventDate "2022.07.10"]

1. e4 e5 2. Nf3 Nf6 3. Nxe5 d6 4. Nf3 Nxe4 5. Qe2 Qe7 6. d3 Nf6 7. Nc3 Qxe2+ 8.
Bxe2 g6 9. Nd4 a6 10. h3 Bg7 11. Be3 Bd7 12. Bf3 Nc6 13. Nxc6 Bxc6 14. Bxc6+
bxc6 15. O-O-O Nd5 16. Nxd5 cxd5 17. d4 Kd7 18. Rd3 Rhb8 19. Re1 Re8 20. Kd1
Rab8 21. Rb3 Rxb3 22. axb3 c5 23. dxc5 dxc5 24. Bxc5 Rxe1+ 25. Kxe1 Bxb2 26. Ke2
Kc6 27. Bf8 Bd4 28. g4 Kb5 29. f3 Kc6 30. Kd3 Be5 31. Bh6 Bf6 32. Be3 Be5 33.
Bd4 Bg3 34. Bg7 Bf2 35. Be5 Bb6 36. Bf6 Bc5 37. f4 Bd6 38. f5 Bc5 39. Ke2 Bd6
40. Ke3 Kc5 41. Bb2 Kc6 42. Kd4 Bf8 43. Kd3 Bc5 44. Be5 Bb6 45. Ke2 Bd8 46. Ke3
Bg5+ 47. Kd4 Bd8 48. Kd3 Bb6 49. Ke2 Bd8 50. Kf3 Bg5 51. Bf4 Bf6 52. Ke2 Bd8 53.
Kd3 Bf6 54. Bh6 Be5 55. h4 Bf6 56. h5 Be5 57. Bf8 Bf6 58. Bb4 Bd8 59. Ke3 Bg5+
60. Kf3 Kb5 61. Bf8 Kc6 62. Ke2 Bf6 63. Kd3 Kb5 64. Bd6 Kc6 65. Bf4 Kc5 66. Be3+
Kc6 67. Bf2 Bd8 68. Bd4 Bh4 69. Ke3 Bg5+ 70. Kf3 Kd6 71. Ke2 Kc6 72. Kf2 Kd7 73.
Be3 Bf6 74. Kf3 Be5 75. Bg5 Kc6 76. Ke3 Kc5 77. Kd3 Kd6 78. c4 dxc4+ 79. Kxc4
Kc6 80. Be7 Bb2 81. Bc5 Be5 82. Be3 Bf6 83. hxg6 hxg6 84. fxg6 fxg6 85. Bf4 Bg7
86. Be3 Bf6 87. Bf4 Bg7 88. Be3 Bf6 1/2-1/2

[Event "FTX Road to Miami Prelim"]
[Site "chess24.com INT"]
[Date "2022.07.10"]
[Round "2.7"]
[White "Wojtaszek, Radoslaw"]
[Black "Dominguez Perez, Leinier"]
[Result "1/2-1/2"]
[WhiteTitle "GM"]
[BlackTitle "GM"]
[WhiteElo "2708"]
[BlackElo "2754"]
[WhiteFideId "1118358"]
[BlackFideId "3503240"]
[EventDate "2022.07.10"]

1. d4 d5 2. c4 dxc4 3. e3 Nf6 4. Bxc4 e6 5. Nf3 a6 6. O-O c5 7. Nbd2 cxd4 8.
Nxd4 Bc5 9. N2f3 O-O 10. b3 Qe7 11. Ne5 Nbd7 12. Ndf3 Nxe5 13. Nxe5 b5 14. Bd3
Bb7 15. Bb2 Rfd8 16. Qe2 Ba3 17. Rfd1 Rac8 18. Rac1 h6 19. Rxc8 Rxc8 20. Bd4 Be4
21. Ng4 Bxd3 22. Nxf6+ Qxf6 23. Qxd3 Qf5 24. e4 Qh5 25. Be3 Be7 26. f3 Qe5 27.
Bd4 Qc7 28. Be3 Bg5 29. Bf2 Qc2 30. h4 Bf6 31. Qd2 a5 32. Be3 a4 33. Rc1 Qxc1+
34. Qxc1 Rxc1+ 35. Bxc1 axb3 36. axb3 Bxh4 37. Kf1 Kf8 38. Ke2 Ke8 39. Kd3 Kd7
40. Bb2 g6 41. Bg7 h5 42. Kd4 Kc6 43. Bf8 Bf6+ 44. Kd3 Be5 45. Bb4 f5 46. Be7
Bd6 47. Bg5 Bc5 48. Kc3 Kd7 49. Kd3 Be7 50. Bd2 Bf6 51. f4 Kc6 52. Be3 Be7 53.
Bc1 Bc5 54. Bd2 Bb6 55. Bc1 Bg1 56. Bd2 Kc5 57. Be1 Bh2 58. Bd2 Bg3 59. exf5
exf5 60. Ke3 Bh4 61. Kd3 Bf6 62. Ke3 g5 63. Kd3 g4 64. Be3+ Kd5 65. g3 Be7 66.
Bd4 Bb4 67. Bf6 Ke6 68. Bd8 Bc5 69. Ke2 Kd5 70. Kd3 Bf2 71. Bh4 Kc5 72. Be7+ Kb6
73. Bh4 Ka5 74. Kc3 Be1+ 75. Kc2 Ka6 76. Kd3 Bf2 77. Ke2 Bc5 78. Kd3 Kb7 79. Ke2
Kc8 80. Kd3 Kd7 81. Ke2 Be7 82. Bxe7 Kxe7 83. b4 Kf7 84. Kf2 Kg7 85. Kg1 Kh7 86.
Kh1 Kh6 87. Kh2 Kg7 88. Kg1 Kf8 89. Kf2 Kf7 90. Kf1 Kg6 91. Kg2 Kf6 92. Kf2 Ke7
93. Ke3 Ke8 94. Ke2 Kd8 95. Kd2 Kc7 96. Ke3 Kc6 97. Ke2 Kd7 98. Kd3 Ke6 99. Ke2
Ke7 100. Ke3 Kf7 101. Kf2 Kf6 102. Kf1 Kg7 103. Kg1 1/2-1/2

[Event "FTX Road to Miami Prelim"]
[Site "chess24.com INT"]
[Date "2022.07.10"]
[Round "3.2"]
[White "Dominguez Perez, Leinier"]
[Black "Shankland, Sam"]
[Result "1/2-1/2"]
[WhiteTitle "GM"]
[BlackTitle "GM"]
[WhiteElo "2754"]
[BlackElo "2720"]
[WhiteFideId "3503240"]
[BlackFideId "2004887"]
[EventDate "2022.07.10"]

1. e4 e5 2. Nf3 Nc6 3. Nc3 Nf6 4. d4 exd4 5. Nxd4 Bb4 6. Nxc6 bxc6 7. Bd3 O-O 8.
O-O d5 9. Bd2 a5 10. Re1 Bg4 11. Qc1 Qd7 12. a3 Bxc3 13. Bxc3 Nxe4 14. Bxe4 dxe4
15. Rxe4 Bf5 16. Rd4 Qe6 17. Qd2 Qg6 18. Re1 Bh3 19. f3 a4 20. Ree4 h5 21. Re5
f6 22. Rc5 Rfe8 23. Qf2 Rad8 24. Rd2 Bxg2 25. Rxd8 Bh3+ 26. Qg3 Qxg3+ 27. hxg3
Rxd8 28. Rxh5 Be6 29. Ra5 Rd1+ 30. Kf2 Rc1 31. Rxa4 Rxc2+ 32. Ke3 Bd5 33. g4 Rc1
34. Rf4 c5 35. a4 Ra1 36. a5 c6 37. b3 Ra3 38. Ra4 Rxa4 39. bxa4 Bc4 40. f4 Kf7
41. f5 g6 42. Bb2 gxf5 43. gxf5 Ba6 44. Ba3 Bc8 45. Kf4 c4 46. Bb4 c5 47. Bc3
Ke7 48. Bb2 Kd6 49. Bxf6 Kc6 50. a6 Bxf5 51. Kxf5 Kb6 52. Bc3 Kxa6 53. Ke6 Kb7
54. Kd5 Ka8 55. Kxc4 Kb8 56. Kxc5 Ka8 57. Kb6 Kb8 58. a5 Ka8 59. a6 Kb8 60. a7+
Ka8 61. Bb4 1/2-1/2

[Event "FTX Road to Miami Prelim"]
[Site "chess24.com INT"]
[Date "2022.07.10"]
[Round "3.3"]
[White "Duda, Jan-Krzysztof"]
[Black "Wojtaszek, Radoslaw"]
[Result "1/2-1/2"]
[WhiteTitle "GM"]
[BlackTitle "GM"]
[WhiteElo "2750"]
[BlackElo "2708"]
[WhiteFideId "1170546"]
[BlackFideId "1118358"]
[EventDate "2022.07.10"]

1. Nf3 d5 2. g3 g6 3. Bg2 Bg7 4. O-O Nf6 5. c4 c6 6. b3 Ne4 7. d4 O-O 8. Bb2 Bf5
9. e3 a5 10. Nc3 Nxc3 11. Bxc3 Be4 12. Qe2 e6 13. Rfd1 Nd7 14. Bf1 Bxf3 15. Qxf3
Nc5 16. Be1 Ne4 17. Qe2 Re8 18. a3 Nd6 19. Qc2 Qg5 20. c5 Nf5 21. f4 Qd8 22. Bf2
b5 23. g4 Ne7 24. Bh4 Qd7 25. h3 Kh8 26. Bd3 f5 27. Qg2 Ng8 28. g5 Ne7 29. Kf2
Kg8 30. Bg3 Kf7 31. h4 Rh8 32. h5 h6 33. hxg6+ Nxg6 34. gxh6 Rxh6 35. Rh1 Rah8
36. Rxh6 Rxh6 37. Ke2 Qd8 38. Rg1 Qh8 39. Kd2 Bf6 40. Kc3 Be7 41. b4 a4 42. Be1
Bf6 43. Bf2 Qh7 44. Qf1 Rh3 45. Bg3 Ne7 46. Be2 Rh6 47. Be1 Rh2 48. Bd2 Qh3 49.
Qxh3 Rxh3 50. Bf1 Rh2 51. Kd3 Ng8 52. Bg2 Bh4 53. Ke2 Nf6 54. Kf3 Ne4 55. Bc1
Bf2 56. Rf1 Bh4 57. Rg1 Bf2 58. Rf1 Bh4 59. Rg1 1/2-1/2

[Event "FTX Road to Miami Prelim"]
[Site "chess24.com INT"]
[Date "2022.07.10"]
[Round "3.4"]
[White "Mamedyarov, Shakhriyar"]
[Black "Rapport, Richard"]
[Result "1-0"]
[WhiteTitle "GM"]
[BlackTitle "GM"]
[WhiteElo "2759"]
[BlackElo "2764"]
[WhiteFideId "13401319"]
[BlackFideId "738590"]
[EventDate "2022.07.10"]

1. d4 Nf6 2. c4 g6 3. Nc3 Bg7 4. g3 O-O 5. Bg2 Nc6 6. h3 e6 7. e4 e5 8. d5 Nd4
9. Nf3 c5 10. Nxe5 Nxe4 11. Nxe4 Bxe5 12. O-O d6 13. Bg5 Qc7 14. Re1 f5 15. Nc3
Bd7 16. Be7 Rf7 17. Rxe5 dxe5 18. d6 Qb6 19. Nd5 Qxb2 20. Rb1 Qxa2 21. Nf6+ Rxf6
22. Bxf6 Ba4 23. Bd5+ Kf8 24. Rxb7 Bxd1 25. Rf7+ Ke8 26. d7# 1-0

[Event "FTX Road to Miami Prelim"]
[Site "chess24.com INT"]
[Date "2022.07.10"]
[Round "3.5"]
[White "Erigaisi, Arjun"]
[Black "Radjabov, Teimour"]
[Result "1-0"]
[WhiteTitle "GM"]
[BlackTitle "GM"]
[WhiteElo "2689"]
[BlackElo "2738"]
[WhiteFideId "35009192"]
[BlackFideId "13400924"]
[EventDate "2022.07.10"]

1. d4 Nf6 2. Nf3 d5 3. Bf4 g6 4. e3 Bg7 5. Nbd2 Nh5 6. Be5 f6 7. Bg3 Nxg3 8.
hxg3 c6 9. c4 e6 10. Qc2 f5 11. g4 O-O 12. gxf5 exf5 13. Ne5 f4 14. O-O-O fxe3
15. fxe3 Bf5 16. Bd3 Bxd3 17. Nxd3 Qd6 18. Rh3 Nd7 19. Rdh1 Rae8 20. Qb3 Nf6 21.
Qxb7 Rb8 22. Qa6 Ng4 23. Rxh7 Nxe3 24. c5 Qf6 25. Qxa7 Qf7 26. Qxf7+ Rxf7 27.
Nf3 Ra7 28. a3 Nc4 29. Nfe5 Rb3 30. Nxc6 Rab7 31. Ncb4 Rf7 32. Kc2 1-0

[Event "FTX Road to Miami Prelim"]
[Site "chess24.com INT"]
[Date "2022.07.10"]
[Round "3.6"]
[White "Ju, Wenjun"]
[Black "Aronian, Levon"]
[Result "0-1"]
[WhiteTitle "GM"]
[BlackTitle "GM"]
[WhiteElo "2560"]
[BlackElo "2775"]
[WhiteFideId "8603006"]
[BlackFideId "13300474"]
[EventDate "2022.07.10"]

1. d4 Nf6 2. c4 c5 3. d5 g6 4. Nc3 Bg7 5. e4 d6 6. Nf3 O-O 7. h3 Nbd7 8. Be2 Ne8
9. Qc2 a6 10. O-O e5 11. Be3 h6 12. g4 f5 13. gxf5 gxf5 14. exf5 b5 15. Ne4 Nb6
16. Ng3 Nxc4 17. Bxc4 bxc4 18. Qxc4 Bxf5 19. Nxf5 Rxf5 20. Qg4 Rf7 21. Rad1 Rb8
22. b3 Rb4 23. Qg2 Qf6 24. Nd2 Rh4 25. f3 Qf5 26. Kh2 Kh7 27. Ne4 Bf8 28. Qg3
Be7 29. Qg2 Rg7 30. Ng3 Qg6 31. Rg1 Bg5 32. Qf2 Nf6 33. Rd2 Bf4 34. Bxf4 exf4
35. Ne4 Rxh3+ 36. Kxh3 Qf5+ 37. Rg4 Nxg4 0-1

[Event "FTX Road to Miami Prelim"]
[Site "chess24.com INT"]
[Date "2022.07.10"]
[Round "3.7"]
[White "Giri, Anish"]
[Black "Sevian, Samuel"]
[Result "1/2-1/2"]
[WhiteTitle "GM"]
[BlackTitle "GM"]
[WhiteElo "2760"]
[BlackElo "2684"]
[WhiteFideId "24116068"]
[BlackFideId "2040506"]
[EventDate "2022.07.10"]

1. e4 e5 2. Nf3 Nc6 3. Bb5 a6 4. Ba4 Nf6 5. O-O Nxe4 6. d4 b5 7. Bb3 d5 8. dxe5
Be6 9. c3 Be7 10. Nbd2 O-O 11. Bc2 f5 12. Nb3 Qd7 13. Nbd4 Nxd4 14. Nxd4 c5 15.
Nxe6 Qxe6 16. f3 Ng5 17. Qe2 Rad8 18. Be3 f4 19. Bf2 Qc6 20. a4 c4 21. b4 cxb3
22. Bxb3 Qxc3 23. Rab1 Bc5 24. axb5 axb5 25. e6 Rfe8 26. Qxb5 Bxf2+ 27. Rxf2
Nxe6 28. Bxd5 Kh8 29. Bxe6 Rxe6 30. Kh1 h6 31. Rff1 Qf6 32. Rbd1 Rxd1 33. Rxd1
Kh7 34. h3 Qg6 35. Qc4 Rd6 36. Rxd6 Qxd6 37. Qe4+ Kh8 38. Qf5 Kg8 39. Kh2 g6 40.
Qc8+ Kg7 41. Qc3+ Qf6 42. Qc7+ Qf7 43. Qc5 Qf6 44. Qd5 h5 45. Qc5 Kh6 46. Qc7
Qd4 47. Qf7 Qe5 48. Qf8+ Kh7 49. h4 Qd4 50. Qe7+ Qg7 51. Qd6 Qf7 52. Qe5 Kg8 53.
Kg1 Kh7 54. Kh2 Kg8 55. Kg1 Kh7 56. Kh2 1/2-1/2

[Event "FTX Road to Miami Prelim"]
[Site "chess24.com INT"]
[Date "2022.07.10"]
[Round "3.8"]
[White "Xiong, Jeffery"]
[Black "Tari, Aryan"]
[Result "1-0"]
[WhiteTitle "GM"]
[BlackTitle "GM"]
[WhiteElo "2691"]
[BlackElo "2672"]
[WhiteFideId "2047640"]
[BlackFideId "1510045"]
[EventDate "2022.07.10"]

1. e4 e5 2. Nf3 Nc6 3. d4 exd4 4. Nxd4 Nf6 5. Nc3 Bb4 6. Nxc6 bxc6 7. Bd3 d5 8.
exd5 O-O 9. O-O cxd5 10. h3 Rb8 11. Qf3 Re8 12. Rd1 c6 13. Bf4 Bd6 14. b3 Be6
15. Ne2 Qc7 16. c4 Bxf4 17. Nxf4 h6 18. Rac1 Qa5 19. Bb1 dxc4 20. Nxe6 Rxe6 21.
Rxc4 Re1+ 22. Kh2 Rd8 23. Rxd8+ Qxd8 24. Rxc6 Nd7 25. Bf5 Ne5 26. Qc3 Nxc6 27.
Qxe1 g6 28. Be4 Nd4 29. Qe3 Qf6 30. g3 a5 31. Kg2 h5 32. h4 Nb5 33. Bxg6 Qxg6
34. Qe8+ Kg7 35. Qxb5 Qe4+ 36. Kh2 Qc2 37. Qg5+ Kf8 38. Qd8+ Kg7 39. Qd4+ f6 40.
a3 Kg6 41. b4 a4 42. b5 Qb3 43. Qc5 Qb1 44. b6 Qb2 45. Kg2 1-0